| 000 | 01502cam a22003977a 4500 | ||
|---|---|---|---|
| 003 | CHAP | ||
| 005 | 20220329142410.0 | ||
| 008 | 001123s1990 mx a r 00010 spa d | ||
| 010 | _a82908 | ||
| 011 | _a83880 | ||
| 035 | _a94399 | ||
| 040 | _cCHAP | ||
| 090 | _aFolleto 16066 | ||
| 110 | 2 |
_aMéxico. Dirección General para Africa y Medio Oriente _977056 |
|
| 245 | 1 | 3 |
_aEl abc del exportador mexicano a Marruecos _c/por Dirección General para Africa y Medio Oriente |
| 260 |
_aMéxico, D.F. : _bDirecciÓn General para Africa y Medio Oriente _c[199?] |
||
| 300 |
_a44 h. : _bmapas., gráfs. |
||
| 590 |
_aBATCH-UPD _b10 _c20130110 _lUCH01 _h0411 |
||
| 590 |
_aBATCH-UPD _b10 _c20130110 _lUCH01 _h2239 |
||
| 590 |
_aBATCH-UPD _b10 _c20130410 _lUCH01 _h0045 |
||
| 590 |
_aBATCH-UPD _b10 _c20130410 _lUCH01 _h1534 |
||
| 590 |
_aBATCH-UPD _b10 _c20130914 _lUCH01 _h1016 |
||
| 590 |
_aCONVERSION _b10 _c20130109 _lUCH01 _h1346 |
||
| 650 | 1 | 4 |
_aComercio internacional. _925641 |
| 650 | 1 | 4 |
_aExportación e importación _xMarruecos. _939106 |
| 650 | 1 | 4 |
_aExportación e importación _zMéxico. _939119 |
| 650 | 1 | 4 |
_aMarruecos _xAspectos económicos. _971574 |
| 650 | 1 | 4 |
_aMarruecos _xCondiciones económicas. _971575 |
| 650 | 1 | 4 |
_aMercadeo. _974880 |
| 650 | 1 | 4 |
_aMéxico _xComercio _xMarruecos. _976700 |
| 710 | 0 |
_aMéxico. Secretaría de Relaciones Exteriores. _977225 |
|
| 901 | _aBK | ||
| 905 | _aPatricia Mendoza P. | ||
| 942 | _cFOLL | ||
| 949 |
_aFolleto 16066 _bBC _cFOLL _d943991 _eTS1 _i94399 _kDonaciØn _sb |
||
| 999 |
_c82908 _d82908 |
||